Nation state by accident (Record no. 923)

MARC details
000 -LEADER
fixed length control field 01151 a2200277 4500
008 - FIXED-LENGTH DATA ELEMENTS--GENERAL INFORMATION
fixed length control field 080821t xxu||||| |||| 00| 0 eng d
010 ## - LIBRARY OF CONGRESS CONTROL NUMBER
LC control number ENG-85022
020 ## - INTERNATIONAL STANDARD BOOK NUMBER
International Standard Book Number 8173046247
Terms of availability 850.00
035 ## - SYSTEM CONTROL NUMBER
System control number EN-68555
037 ## - SOURCE OF ACQUISITION
Source of stock number/acquisition D.B.Act / Pub
082 ## - DEWEY DECIMAL CLASSIFICATION NUMBER
Classification number 305.8
100 ## - MAIN ENTRY--PERSONAL NAME
Personal name Wieland, Carsten.
245 ## - TITLE STATEMENT
Title Nation state by accident
Remainder of title the politicization of ethnic groups and the ethnicization of politics : Bosnia, India, Pakistan
Statement of responsibility, etc Carsten Wieland.
250 ## - EDITION STATEMENT
Edition statement 1st Eng. ed.
260 ## - PUBLICATION, DISTRIBUTION, ETC. (IMPRINT)
Place of publication, distribution, etc New Delhi
Name of publisher, distributor, etc Manohar Publishers and Distributors
-- Pansy Books (Vendor)
Date of publication, distribution, etc 2006.
300 ## - PHYSICAL DESCRIPTION
Extent 445 p.
Dimensions 22 cm. (Hb)
500 ## - GENERAL NOTE
General note Includes bibliographical references and index
650 ## - SUBJECT ADDED ENTRY--TOPICAL TERM
Topical term or geographic name as entry element Nationalism.
650 ## - SUBJECT ADDED ENTRY--TOPICAL TERM
Topical term or geographic name as entry element Ethnicity
General subdivision Political aspects.
650 ## - SUBJECT ADDED ENTRY--TOPICAL TERM
Topical term or geographic name as entry element Minorities
General subdivision Political activity.
651 ## - SUBJECT ADDED ENTRY--GEOGRAPHIC NAME
Geographic name Bosnia and Hercegovina
General subdivision Ethnic relations.
651 ## - SUBJECT ADDED ENTRY--GEOGRAPHIC NAME
Geographic name India
General subdivision Ethnic relations.
651 ## - SUBJECT ADDED ENTRY--GEOGRAPHIC NAME
Geographic name Pakistan
General subdivision Ethnic relations.
942 ## - ADDED ENTRY ELEMENTS (KOHA)
Institution code [OBSOLETE] dpl
Koha item type English Books
Call number prefix 305.8 / WIE
Source of classification or shelving scheme Dewey Decimal Classification
Classification part 305.8
Call number suffix WIE
Holdings
Withdrawn status Lost status Damaged status Not for loan Home library Current library Date acquired Cost, normal purchase price Total Checkouts Full call number Barcode Date last seen Copy number Uniform Resource Identifier Cost, replacement price Price effective from Koha item type
        D.B.Act.Division D.B.Act.Division 21/08/2008 850.00   305.8 WIE EN-68555 15/09/2008 1 985 850.00 15/09/2008 English Books

© Delhi Public Library
Hit Counter
free hit counter